Hướng dẫn đánh giá cơ sở giáo dục của mạng lưới đảm bảo chất lượng các trường đại học ASEAN
Giới thiệu về Khung đảm bảo chất lượng của Mạng lưới AUN-QA. Khung đảm bảo chất lượng cấp cơ sở giáo dục của Mạng lưới AUN-QA. Đánh giá đảm bảo chất lượng cấp cơ sở giáo dục.
Na minha lista:
| Autor Corporativo: | |
|---|---|
| Formato: | Livro |
| Idioma: | Undetermined |
| Publicado em: |
Hà Nội
Đại học Quốc gia Hà Nội
2017
|
| Assuntos: | |
| Tags: |
Adicionar Tag
Sem tags, seja o primeiro a adicionar uma tag!
|
| Thư viện lưu trữ: | Trung tâm Học liệu Trường Đại học Cần Thơ |
|---|
| LEADER | 01140nam a2200217Ia 4500 | ||
|---|---|---|---|
| 001 | CTU_231145 | ||
| 008 | 210402s9999 xx 000 0 und d | ||
| 020 | |c 140000 | ||
| 082 | |a 379.158 | ||
| 082 | |b A816 | ||
| 110 | |a ASEAN University Network | ||
| 245 | 0 | |a Hướng dẫn đánh giá cơ sở giáo dục của mạng lưới đảm bảo chất lượng các trường đại học ASEAN | |
| 245 | 0 | |c ASEAN University Network ; Hoàng Thị Xuân Hoa ...[et al.] (dịch) | |
| 260 | |a Hà Nội | ||
| 260 | |b Đại học Quốc gia Hà Nội | ||
| 260 | |c 2017 | ||
| 520 | |a Giới thiệu về Khung đảm bảo chất lượng của Mạng lưới AUN-QA. Khung đảm bảo chất lượng cấp cơ sở giáo dục của Mạng lưới AUN-QA. Đánh giá đảm bảo chất lượng cấp cơ sở giáo dục. | ||
| 650 | |a Giáo dục,Giáo dục,Education,Education | ||
| 650 | |x Nghiên cứu,Đánh giá,Tiêu chuẩn,Research,Evaluation,Standards | ||
| 910 | |b vtbtruc | ||
| 980 | |a Trung tâm Học liệu Trường Đại học Cần Thơ | ||